Loading...
| Literature - Poetry | 0 | 3 | 0 | 1 | 30 | 111 | 145.00 | 0 | 1 | 0.00 | 0.00 |
| Religion | 1 | 2 | 2 | 0 | 25 | 75 | 89.33 | 0 | 2 | 0.00 | 0.00 |
| Other Academic | 0 | 2 | 0 | 1 | 20 | 98 | 101.50 | 0 | 0 | 0.00 | 0.00 |
| Fine Arts - Painting and Sculpture | 1 | 1 | 1 | 0 | 20 | 58 | 99.00 | 1 | 1 | 0.00 | 0.00 |
| Literature - Long Fiction | 0 | 3 | 2 | 1 | 20 | 115 | 133.00 | 0 | 0 | 0.00 | 0.00 |
| Short Fiction and Other | 0 | 2 | 0 | 0 | 20 | 114 | 124.50 | 0 | 1 | 0.00 | 0.00 |
| Fine Arts - Other | 0 | 1 | 0 | 0 | 10 | 98 | 98.00 | 0 | 0 | 0.00 | 0.00 |
| Literature - Drama | 0 | 1 | 0 | 0 | 10 | 121 | 121.00 | 0 | 0 | 0.00 | 0.00 |
| Science - Biology | 0 | 1 | 1 | 0 | 5 | 118 | 118.00 | 0 | 1 | 0.00 | 0.00 |
| Mythology | 1 | 0 | 2 | 0 | 5 | 53 | 53.00 | 1 | 1 | 0.00 | 0.00 |